000 00296nam a2200133Ia 4500
008 231129s9999||||xx |||||||||||||| ||spa||
040 _bspa
082 _a986.104 A139f
100 _aAbella Arturo
245 0 _aEl florero de Llorente
260 _c195
264 _aBedout
942 _2ddc
_cBKS
999 _c11102
_d11102